| 000 | 00641nam a22001937a 4500 | ||
|---|---|---|---|
| 003 | 0 | ||
| 005 | 20240206130403.0 | ||
| 008 | 240206b xxu||||| |||| 00| 0 eng d | ||
| 020 | _a978-0-415-72636-8 | ||
| 050 |
_aG 155.A1 _b.M66 2022 |
||
| 100 | _aMorrison, Alastair M. | ||
| 245 |
_aToursim marketing : in the age of the consumer _cAlastair M. Morrison |
||
| 260 |
_aOxon _bRoutledge _cc2022. |
||
| 300 |
_axxvi, 757 pages : _bcolored illustrations ; _c25 cm. |
||
| 504 | _aIncludes bibliographical references, index, and glossary. | ||
| 650 | _aTourism--Marketing. | ||
| 650 | _aHospitality industry--Marketing. | ||
| 942 |
_2lcc _cBK |
||
| 999 |
_c365906 _d365906 |
||